000 01510cam a22004694i 4500
003 PE-LiUPU
005 20250731165651.0
008 150616s r 000 0 d
020 _a0201625741
035 _a(Sirsi) i9780201625745
040 _aPE-LiUPU
_bspa
_cPE-LiUPU
_erda
049 _aPRUA
082 0 4 _a001.6424
_bS448a
_221
100 1 _aSedgewick, Robert,
_eautor.
245 1 0 _aAlgoritmos en C++ /
_cRobert Sedgewick.
264 1 _aWilmington, Delaware :
_bAddison-Wesley Iberoamericana,
_c1995.
300 _a726 páginas ;
_c24 centímetros.
336 _atext
_2rdacontent
337 _aunmediated
_2rdamedia
338 _avolume
_2rdacarrier
505 0 _aFundamentos.- Algoritmos de ordenación.- Algoritmos de búsqueda.- Procesamiento de cadenas.- Algoritmos geométricos.- Algoritmos sobre grafos.- Algoritmos matemáticos.- Temas avanzados.- Epílogo.
526 _aSEG44
526 _aSEG26
526 _aP151
526 _aP150
526 _aP149
526 _aP146
526 _aP145
526 _aP126
526 _aP125
526 _aP92
526 _aP75
526 _aP74
526 _aP27
526 _aP15
650 1 4 _aC++ (Lenguaje de programación).
910 _ajck
942 _2ddc
_cBK
949 _a001.6424
_wDEWEY
_c1
_i41482
_lCCODEBUL1
_mBUL
_r0
_sY
_tBOOK
_u2015-6-16
_xINGENIERIA
_zUNKNOWN
_0COMPRA
_o.STAFF. Colección General
999 _c61423
_d61423
980 _81
_gALBERTO SANCHEZ Responsable de Automatización